000 01301nam0a22003011 4500
001 rc\4864824
005 20260406194339.0
021 _aRU
_b[60-10485]
035 _a(NLR Aleph) 008906851
090 _a8738423
_c8738423
100 _a20130426d1959 |||y0rusy50 ca
101 0 _arus
102 _aRU
105 _ay c |||||
200 1 _aПроизведения писателей и поэтов Чечено-Ингушетии. (1957-1959 гг.)
_eРек. указатель литературы
_fЧечено-Ингуш. респ. б-ка им. А.П. Чехова. Библиогр. отд.
210 _aГрозный
_cБ. и.
_d1959
215 _a15 с.
_d20
300 _aСост. указан в вып. дан.: библиограф Назаретьянц, Р.М.
606 _aИнгушская литература
_jБиблиография
_2psbo
606 _aЧеченская литература
_jБиблиография
_2psbo
700 1 _aНазаретьянц
_bР.М.
_4220
712 0 2 _aЧечено-Ингушская респ. б-ка им. А.П.Чехова
_cГрозный
_3RU\NLR\AUTH\889957410
_9410924
801 0 _aRU
_bNLR
_gpsbo
801 1 _aRU
_bELAR
_2rusmarc
852 _aNLR
_jс945Чеч-Инг/Н-19
942 _cBOOK
980 _aNB